| 000 | 00596nam a2200205Ia 4500 | ||
|---|---|---|---|
| 003 | OSt | ||
| 005 | 20230427093148.0 | ||
| 008 | 210423s2007 xx 000 0 und d | ||
| 020 | _a9788130906737 | ||
| 040 | _cAL | ||
| 041 | _aeng | ||
| 082 |
_a820.9 BLOV _223 |
||
| 100 |
_aBLOOM (Harold),Ed. _993681 |
||
| 245 | _aViva modern critical interpretations Richard Wrights black boy. | ||
| 260 |
_aNew Delhi _bViva Books Pvt Ltd _c2007 |
||
| 300 |
_a197 _bPB |
||
| 365 |
_b125 _cINR |
||
| 906 | _ablack ; boy. ; critical ; interpretations ; modern ; Richard ; Viva ; Wrights | ||
| 942 |
_2ddc _cBK |
||
| 999 |
_c161739 _d161739 |
||